Catálogo público

Uso de biofertilizantes (Azospirillum y Micorrizas) en el cultivo de maíz (Zea mays) híbrido cimarrón de asgrow, sucesión tomate-maíz, en el Municio de Salvatierra, Guanajuato / (Record no. 170121)

MARC details
000 -CABECERA
campo de control de longitud fija 01307nam a2200349Ia 4500
001 - NÚMERO DE CONTROL
campo de control Z_6847
003 - IDENTIFICADOR DEL NÚMERO DE CONTROL
campo de control CHAP
005 - FECHA Y HORA DE LA ÚLTIMA TRANSACCIÓN
campo de control 20230622115100.0
008 - DATOS DE LONGITUD FIJA--INFORMACIÓN GENERAL
campo de control de longitud fija 220113s2015 xx 000 0 und d
010 ## - NÚMERO DE CONTROL DE LA BIBLIOTECA DEL CONGRESO
Número de control de LC 170121
040 ## - FUENTE DE LA CATALOGACIÓN
Centro/agencia transcriptor CHAP
090 ## - LOCALMENTE ASIGNADO TIPO-LC NÚMERO DE CLASIFICACIÓN (OCLC); NÚMERO DE CLASIFICACIÓN LOCAL (RLIN)
Número de clasificación (OCLC) (R) ; Numero de clasificación, CALL (RLIN) (NR) Tesis S26 2491
100 ## - ENTRADA PRINCIPAL--NOMBRE DE PERSONA
Nombre de persona Sancén Ramos, Agustín
9 (RLIN) 130296
245 ## - MENCIÓN DE TÍTULO
Título Uso de biofertilizantes (Azospirillum y Micorrizas) en el cultivo de maíz (Zea mays) híbrido cimarrón de asgrow, sucesión tomate-maíz, en el Municio de Salvatierra, Guanajuato /
Mención de responsabilidad, etc. Agustín Sancén Ramos
260 ## - PUBLICACIÓN, DISTRIBUCIÓN, ETC.
Lugar de publicación, distribución, etc. México :
Nombre del editor, distribuidor, etc. El autor,
Fecha de publicación, distribución, etc. 2015
300 ## - DESCRIPCIÓN FÍSICA
Extensión CD
502 ## - NOTA DE TESIS
Nota de tesis Tesis ( Ingeniero Agrónomo Especialista en Zootecnia) -- UACh, 2015 \ Dirección: Raúl Flores Martínez; asesoría: Francisco Rodríguez Neave y Agustín Ruíz Flores
650 ## - PUNTO DE ACCESO ADICIONAL DE MATERIA--TÉRMINO DE MATERIA
Término de materia o nombre geográfico como elemento de entrada Azospirillum
9 (RLIN) 9126
650 ## - PUNTO DE ACCESO ADICIONAL DE MATERIA--TÉRMINO DE MATERIA
Término de materia o nombre geográfico como elemento de entrada Biofertilizantes
9 (RLIN) 12734
650 ## - PUNTO DE ACCESO ADICIONAL DE MATERIA--TÉRMINO DE MATERIA
Término de materia o nombre geográfico como elemento de entrada Maíz
9 (RLIN) 70848
650 ## - PUNTO DE ACCESO ADICIONAL DE MATERIA--TÉRMINO DE MATERIA
Término de materia o nombre geográfico como elemento de entrada Micorrizas
9 (RLIN) 146129
650 ## - PUNTO DE ACCESO ADICIONAL DE MATERIA--TÉRMINO DE MATERIA
Término de materia o nombre geográfico como elemento de entrada Rendimiento
9 (RLIN) 143245
700 ## - PUNTO DE ACCESO ADICIONAL--NOMBRE DE PERSONA
Nombre de persona Rodríguez Neave, Francisco, asesor
9 (RLIN) 146130
700 ## - PUNTO DE ACCESO ADICIONAL--NOMBRE DE PERSONA
Nombre de persona Ruíz Flores, Agustín, asesor
9 (RLIN) 142674
700 ## - PUNTO DE ACCESO ADICIONAL--NOMBRE DE PERSONA
Nombre de persona Flores Martínez, Raúl, director
9 (RLIN) 146131
856 42 - LOCALIZACIÓN Y ACCESO ELECTRÓNICOS
Identificador Uniforme del Recurso <a href="http://10.13.5.2/tesis/sist112155.pdf">http://10.13.5.2/tesis/sist112155.pdf</a>
Texto de enlace Descargar PDF
901 ## - ELEMENTOS DE DATOS A LOCAL LDA (RLIN)
a TESIS S26 2491
902 ## - ELEMENTOS DE DATOS B LOCAL, LDB (RLIN)
a M
910 ## - DATOS DE OPCIÓN DEL USUARIO (OCLC)
Datos de opción del usuario 2015
942 ## - ELEMENTOS DE PUNTO DE ACCESO ADICIONAL (KOHA)
Tipo de ítem Koha Tesis_
Fuente del sistema de clasificación o colocación Dewey Decimal Classification
942 ## - ELEMENTOS DE PUNTO DE ACCESO ADICIONAL (KOHA)
Tipo de ítem Koha Tesis_
Fuente del sistema de clasificación o colocación Dewey Decimal Classification
Holdings
Estado de retiro Estado de pérdida Fuente del sistema de clasificación o colocación Estado dañado No para préstamo Código de colección Localización permanente Ubicación/localización actual Fecha de adquisición Fuente de adquisición Total de préstamos Signatura topográfica completa Código de barras Fecha visto por última vez Número de copia Precio válido a partir de Tipo de ítem Koha
    Clasificación Universidad Autónoma de Chapingo   Excluido de préstamo Tesis digitales de Licenciatura Zootecnia Zootecnia 03/03/2017 El autor   Tesis S26 2491 z_T 4616 18/01/2022 1 18/01/2022 CD
    Clasificación Universidad Autónoma de Chapingo   Excluido de préstamo Tesis digitales de Licenciatura Zootecnia Zootecnia 03/03/2017 El autor   Tesis S26 2491 z_T 4617 18/01/2022 2 18/01/2022 CD